00960cam a22002054a 45000010009000000050017000090080041000260200028000670400018000950500011001131000021001242450075001452460030002202600041002503000024002914400034003155040050003495050311003996500044007101265125020210414113854.0020122s2002 cou b 001 0 eng  a1588260844 (alk. paper) aDLCcDLCdDLC00aH97.S51 aSharkansky, Ira.10aPolitics and policymaking : in search of simplicity /cIra Sharkansky.3 aPolitics and policymaking aBoulder, Colo. :bL. Rienner,c2002. ax, 211 p. ;c24 cm. 0aExplorations in public policy aIncludes bibliographical references and index aContents: On Simplicity, politics, and policymaking -- The Mysteries of agenda-setting, policymaking and implementation -- Organizations designed not to be governed -- Choosing simple solutions for the problems of politics and policymaking -- Intelligence, cunning, and wisdom in politics and policymaking. 0aPublic administrationxDecision making.